Get the Picture: Which Side of the Road? Quiz Stats

 Plays Quiz Updated Nov 11, 2019

Score 0/16 Timer 03:00
1 Play Today
Question Answer Wrong Answers
United Kingdom Left
91%
Right
5.8%
Russia Right
83.5%
Left
12.7%
Argentina Right
82.7%
Left
13.7%
Turkey Right
81.1%
Left
15.8%
Australia Left
79.5%
Right
17.5%
France Right
79.1%
Left
17.3%
Tunisia Right
74.1%
Left
22.2%
Cambodia Right
71.3%
Left
25.1%
Angola Right
66%
Left
30.7%
Egypt Right
64.9%
Left
31.7%
Kenya Left
58.1%
Right
38.2%
Pakistan Left
54.1%
Right
42.8%
Zambia Left
51.6%
Right
44.9%
Cyprus Left
48.8%
Right
48.3%
Nepal Left
45.2%
Right
51.6%
Guyana Left
43.6%
Right
53%

Today's Daily Dose

You're not logged in!

Compare scores with friends on all Sporcle quizzes.
OR
Log In

Sporcle TV

Today on Sporcle TV


Watch our educational content, quiz creation guides, and fun videos on Sporcle TV.

Show Comments

Extras

Top Quizzes Today


Score Distribution

Your Account Isn't Verified!

In order to create a playlist on Sporcle, you need to verify the email address you used during registration. Go to your Sporcle Settings to finish the process.

Report this User

Report this user for behavior that violates our Community Guidelines.

Details: